Giáo trình thổ nhưỡng nông hóa : Dùng trong các trường THCN
Đất và quá trình hình thành đất. Thành phần và tính chất của đất. Sử dụng các nhóm đất chính. Sử dụng các loại phân khoáng, phân hữu cơ, vôi. Kỹ thuật sử dụng phân bón đạt hiệu quả tốt trong sản xuất nông nghiệp....
محفوظ في:
| المؤلف الرئيسي: | |
|---|---|
| التنسيق: | كتاب |
| اللغة: | Undetermined |
| منشور في: |
Hà Nội
Nhà xuất bản Hà Nội
2005
|
| الموضوعات: | |
| الوسوم: |
إضافة وسم
لا توجد وسوم, كن أول من يضع وسما على هذه التسجيلة!
|
| Thư viện lưu trữ: | Trung tâm Học liệu Trường Đại học Cần Thơ |
|---|
| LEADER | 01017nam a2200217Ia 4500 | ||
|---|---|---|---|
| 001 | CTU_95205 | ||
| 008 | 210402s9999 xx 000 0 und d | ||
| 020 | |c 33000 | ||
| 082 | |a 631.4 | ||
| 082 | |b H100 | ||
| 100 | |a Nguyễn, Như Hà | ||
| 245 | 0 | |a Giáo trình thổ nhưỡng nông hóa : | |
| 245 | 0 | |b Dùng trong các trường THCN | |
| 245 | 0 | |c Nguyễn Như Hà, Lê Thị Bích Đào, Vương Thị Tuyết | |
| 260 | |a Hà Nội | ||
| 260 | |b Nhà xuất bản Hà Nội | ||
| 260 | |c 2005 | ||
| 520 | |a Đất và quá trình hình thành đất. Thành phần và tính chất của đất. Sử dụng các nhóm đất chính. Sử dụng các loại phân khoáng, phân hữu cơ, vôi. Kỹ thuật sử dụng phân bón đạt hiệu quả tốt trong sản xuất nông nghiệp. | ||
| 650 | |a Soil science,Soil chemistry | ||
| 904 | |i Minh | ||
| 980 | |a Trung tâm Học liệu Trường Đại học Cần Thơ | ||